header

Understanding organizational culture (Record no. 73981)

MARC details
000 -LEADER
fixed length control field 01146nam a2200301 a 4500
082 04 - DEWEY DECIMAL CLASSIFICATION NUMBER
Classification number 302.3/5
100 1# - MAIN ENTRY--AUTHOR NAME
Personal name Alvesson, Mats,
245 10 - TITLE STATEMENT
Title Understanding organizational culture
260 ## - PUBLICATION, DISTRIBUTION, ETC. (IMPRINT)
Place of publication London ;
-- Thousand Oaks, Calif. :
Name of publisher SAGE,
Year of publication 2002.
300 ## - PHYSICAL DESCRIPTION
Number of Pages vi, 214 p. :
Other physical details ill.
650 #0 - SUBJECT ADDED ENTRY--TOPICAL TERM
Topical Term Corporate culture.
856 40 - ELECTRONIC LOCATION AND ACCESS
Uniform Resource Identifier http://site.ebrary.com/lib/rucke/Doc?id=10076742

No items available.

© 2026 Rongo University
Contact us: librarian | system librarian | Rongo university